000 00394 a2200169 4500
001 73970
020 _a978853226836-5
040 _cAnchieta - Colégio São Paulo
100 _aAmaral, Bianca
240 1 0 _aHistória nas trilhas da Bahia
_lpor
245 1 0 _aHistória nas trilhas da Bahia
300 _a
362 0 _a2008
440 1 _aFTD
650 4 _aHistória do mundo
942 _cBK
999 _c73970
_d73970